Bormanik Syiem: The Last of the Syiems of Shyllong (Record no. 222476)
[ view plain ]
| 000 -LEADER | |
|---|---|
| fixed length control field | 00635nam a22002057a 4500 |
| 005 - DATE AND TIME OF LATEST TRANSACTION | |
| control field | 20220419112343.0 |
| 008 - FIXED-LENGTH DATA ELEMENTS--GENERAL INFORMATION | |
| fixed length control field | 220419b ||||| |||| 00| 0 eng d |
| 040 ## - CATALOGING SOURCE | |
| Transcribing agency | AL |
| 041 ## - LANGUAGE CODE | |
| Language code of text/sound track or separate title | English |
| 082 ## - DEWEY DECIMAL CLASSIFICATION NUMBER | |
| Edition number | 23 |
| Classification number | 954.162 |
| Item number | TARB |
| 100 ## - MAIN ENTRY--PERSONAL NAME | |
| Personal name | Jerlie E Tariang |
| 100 ## - MAIN ENTRY--PERSONAL NAME | |
| 9 (RLIN) | 30366 |
| 245 ## - TITLE STATEMENT | |
| Title | Bormanik Syiem: The Last of the Syiems of Shyllong |
| 260 ## - PUBLICATION, DISTRIBUTION, ETC. | |
| Place of publication, distribution, etc. | Shillong |
| Name of publisher, distributor, etc. | Shri J N Bawri |
| Date of publication, distribution, etc. | 1994 |
| 300 ## - PHYSICAL DESCRIPTION | |
| Extent | xi,91 p. |
| Other physical details | HB |
| Dimensions | 23x15 cm. |
| 365 ## - TRADE PRICE | |
| Price amount | ₹200.00 |
| Currency code | ₹ |
| Unit of pricing | ₹200.00 |
| 650 ## - SUBJECT ADDED ENTRY--TOPICAL TERM | |
| Topical term or geographic name entry element | Bormanik, Syiem Khasi (Indic people) |
| 9 (RLIN) | 30367 |
| 650 ## - SUBJECT ADDED ENTRY--TOPICAL TERM | |
| Topical term or geographic name entry element | Assam (India) -- Kings and rulers |
| 9 (RLIN) | 30368 |
| 700 ## - ADDED ENTRY--PERSONAL NAME | |
| Personal name | TARIANG (Jerlie E) |
| 9 (RLIN) | 30369 |
| 942 ## - ADDED ENTRY ELEMENTS (KOHA) | |
| Source of classification or shelving scheme | Dewey Decimal Classification |
| Koha item type | George Fernandes Collections |
| Withdrawn status | Lost status | Source of classification or shelving scheme | Damaged status | Not for loan | Collection code | Home library | Current library | Date acquired | Total Checkouts | Full call number | Barcode | Date last seen | Price effective from | Koha item type |
|---|---|---|---|---|---|---|---|---|---|---|---|---|---|---|
| Dewey Decimal Classification | History | St Aloysius Library | St Aloysius Library | 03/24/2013 | 954.162 TARB | GF00791 | 04/19/2022 | 04/19/2022 | George Fernandes Collections |